Doppler Echocardiography in Infancy and Childhood (Post nr. 1960)
[ visa ren ]
| 000 -LEADER | |
|---|---|
| fixed length control field | 03843nam a22004695i 4500 |
| 001 - CONTROL NUMBER | |
| control field | 60111 |
| 005 - DATE AND TIME OF LATEST TRANSACTION | |
| control field | 20200226102328.0 |
| 007 - PHYSICAL DESCRIPTION FIXED FIELD--GENERAL INFORMATION | |
| fixed length control field | cr nn 008mamaa |
| 008 - FIXED-LENGTH DATA ELEMENTS--GENERAL INFORMATION | |
| fixed length control field | 170919s2017 gw | s |||| 0|eng d |
| 020 ## - INTERNATIONAL STANDARD BOOK NUMBER | |
| International Standard Book Number | 9783319429199 |
| -- | 978-3-319-42919-9 |
| 024 7# - OTHER STANDARD IDENTIFIER | |
| Standard number or code | 10.1007/978-3-319-42919-9 |
| Source of number or code | doi |
| 035 ## - SYSTEM CONTROL NUMBER | |
| System control number | (DE-He213)978-3-319-42919-9 |
| 050 #4 - LIBRARY OF CONGRESS CALL NUMBER | |
| Classification number | R895-920 |
| 072 #7 - SUBJECT CATEGORY CODE | |
| Subject category code | MMPF |
| Source | bicssc |
| 072 #7 - SUBJECT CATEGORY CODE | |
| Subject category code | MED098000 |
| Source | bisacsh |
| 082 04 - DEWEY DECIMAL CLASSIFICATION NUMBER | |
| Classification number | 616.07543 |
| Edition number | 23 |
| 100 1# - MAIN ENTRY--PERSONAL NAME | |
| Personal name | Hofbeck, Michael. |
| Relator term | author. |
| 245 10 - TITLE STATEMENT | |
| Title | Doppler Echocardiography in Infancy and Childhood |
| Medium | [electronic resource] / |
| Statement of responsibility, etc. | by Michael Hofbeck, Karl-Heinz Deeg, Thomas Rupprecht. |
| 264 #1 - PRODUCTION, PUBLICATION, DISTRIBUTION, MANUFACTURE, AND COPYRIGHT NOTICE | |
| Place of production, publication, distribution, manufacture | Cham : |
| Name of producer, publisher, distributor, manufacturer | Springer International Publishing : |
| -- | Imprint: Springer, |
| Date of production, publication, distribution, manufacture, or copyright notice | 2017. |
| 300 ## - PHYSICAL DESCRIPTION | |
| Extent | XI, 444 p. 401 illus., 343 illus. in color. |
| Other physical details | online resource. |
| 336 ## - CONTENT TYPE | |
| Content type term | text |
| Content type code | txt |
| Source | rdacontent |
| 337 ## - MEDIA TYPE | |
| Media type term | computer |
| Media type code | c |
| Source | rdamedia |
| 338 ## - CARRIER TYPE | |
| Carrier type term | online resource |
| Carrier type code | cr |
| Source | rdacarrier |
| 347 ## - DIGITAL FILE CHARACTERISTICS | |
| File type | text file |
| Encoding format | |
| Source | rda |
| 505 0# - FORMATTED CONTENTS NOTE | |
| Formatted contents note | 1. The normal examination -- 2. Atrial septal defects -- 3. Ventricular septal defect -- 4. Atrioventricular septal defect -- 5. Patent ductus arteriosus -- 6. Aortopulmonary window -- 7. Pulmonary stenosis -- 8. Pulmonary atresia with intact ventricular septum (PAiVS) -- 9. Tricuspid atresia -- 10. Ebsteins anomaly -- 11. Tetralogy of Fallot -- 12. Pulmonary atresia and ventricular septal defect -- 13. Truncus arteriosus -- 14. Double outlet right ventricle -- 15. Transposition of the great arteries -- 16. Functionally univentricular heart -- 17. Anomalous pulmonary venous connections -- 18. Anomalies of left ventricular inflow and mitral valve -- 19. Aortic stenosis, regurgitation and anomalies of the left ventricular outflow tract -- 20. Hypoplastic left heart syndrome -- 21. Coarctation of the aorta -- 22. Interruption of the aortic arch -- 23. Vascular rings and anomalies of the aortic arch vessels -- 24. Echocardiographic differential diagnosis of cyanotic infants -- 25. Echocardiography for the neonatologist. |
| 520 ## - SUMMARY, ETC. | |
| Summary, etc. | This book covers the full range of Doppler echocardiography in infants and children, documenting the wide variety of potential findings with the aid of a wealth of high‑quality images. The imaging features of more than 20 conditions on conventional two‑dimensional echocardiography, pulsed wave, continuous wave and color Doppler imaging are described and depicted, drawing attention to differential diagnostic criteria and other issues of importance in everyday clinical practice. Each condition is individually addressed, covering all relevant aspects, and helpful information is also provided on the normal examination. The book is supplemented by more than 500 videos demonstrating typical findings of two-dimensional and color Doppler echocardiography. Special chapters focus on the differential diagnosis of cyanotic infants and echocardiography specifically for the neonatologist. The authors' aim in compiling this book is to equip the reader with the knowledge required in order to employ Doppler echocardiography optimally and to interpret findings confidently and correctly. Doppler Echocardiography in Infancy and Childhood will be an invaluable reference for echocardiographers, pediatricians, neonatologists, and pediatric and general radiologists. |
| 650 #0 - SUBJECT ADDED ENTRY--TOPICAL TERM | |
| Topical term or geographic name entry element | Medicine. |
| 650 #0 - SUBJECT ADDED ENTRY--TOPICAL TERM | |
| Topical term or geographic name entry element | Radiology. |
| 650 #0 - SUBJECT ADDED ENTRY--TOPICAL TERM | |
| Topical term or geographic name entry element | Pediatrics. |
| 650 14 - SUBJECT ADDED ENTRY--TOPICAL TERM | |
| Topical term or geographic name entry element | Medicine & Public Health. |
| 650 24 - SUBJECT ADDED ENTRY--TOPICAL TERM | |
| Topical term or geographic name entry element | Ultrasound. |
| 650 24 - SUBJECT ADDED ENTRY--TOPICAL TERM | |
| Topical term or geographic name entry element | Pediatrics. |
| 650 24 - SUBJECT ADDED ENTRY--TOPICAL TERM | |
| Topical term or geographic name entry element | Diagnostic Radiology. |
| 700 1# - ADDED ENTRY--PERSONAL NAME | |
| Personal name | Deeg, Karl-Heinz. |
| Relator term | author. |
| 700 1# - ADDED ENTRY--PERSONAL NAME | |
| Personal name | Rupprecht, Thomas. |
| Relator term | author. |
| 710 2# - ADDED ENTRY--CORPORATE NAME | |
| Corporate name or jurisdiction name as entry element | SpringerLink (Online service) |
| 773 0# - HOST ITEM ENTRY | |
| Title | Springer eBooks |
| 776 08 - ADDITIONAL PHYSICAL FORM ENTRY | |
| Relationship information | Printed edition: |
| International Standard Book Number | 9783319429175 |
| 856 40 - ELECTRONIC LOCATION AND ACCESS | |
| Uniform Resource Identifier | <a href="http://dx.doi.org/10.1007/978-3-319-42919-9">http://dx.doi.org/10.1007/978-3-319-42919-9</a> |
| 912 ## - | |
| -- | ZDB-2-SME |
Inga exemplar finns tillgängliga.